000 00460cam a22001217a 4500
008 180718b1968 xxu||||| |||| 00| 0 eng d
082 _aT000x5421 N213dm
245 _aDistrict planning - Moradabad
_cby National Council of Applied Economic Research
260 _aNew Delhi
_bNational Council of Applied Economic Research
_c1968
300 _a217p.
650 _aEconomic Planning - India - UP - Moradabad
700 _aNational Council of Applied Economic Research
999 _c375328
_d375328